000 00520nam a2200181Ia 4500
008 100917s9999 xx 000 0 und d
082 _b57620
100 _aटिकेकर ग. रा.
245 _aटारझन भाग 7
260 _bउत्कर्ष प्रकाशन
_c---
300 _a96
365 _b8
520 _aबालविभाग
630 _aटारझन भाग 7
650 _aबालविभाग
730 _aटारझन भाग 7
942 _cBOOK
999 _c663014
_d663011